| 000 | 01264nam2a2200241 4500 | ||
|---|---|---|---|
| 001 | RU\NLR\BIBL_A\012643002 | ||
| 005 | 20250624100825.0 | ||
| 035 | _a(NLR Aleph) 012643002 | ||
| 090 |
_a12701673 _c12701673 |
||
| 100 | _a20211115d1903 |||y0rusy50 ca | ||
| 101 | 0 | _arus | |
| 102 | _aRU | ||
| 105 | _ay z 000fy | ||
| 200 | 0 | _aТом шестой | |
| 210 |
_d1903 _aБ. м. |
||
| 215 | _a182, [1] с. | ||
| 327 | 1 | _aСодерж.: Тина. - Тайный советник. - Письмо. - Поцелуй. - Пассажир 1-го класса. - Воры. - Пари. - Именины. - Без заглавия. - Каштанка. - Почта. - Неприятность. | |
| 461 | 0 |
_1001v19\rc\1770967 _12001#$aПолное собрание сочинений Ант. П. Чехова$vТом шестой _95793353 _aЧехов, А. П. (писатель ; 1860-1904) _cС.-Петербург _d1903-1916 _e2-е изд. _nИздание А. Ф. Маркса _oс приложением портрета Антона Чехова : [т. 1-23] _p23 т. _tПолное собрание сочинений Ант. П. Чехова _vТом шестой |
|
| 852 |
_aNLR _j38.78.8.6(6) |
||
| 852 |
_aNLR _j130/4846(6) |
||
| 942 | _cBOOK | ||
| 980 | _aNB | ||